ARRUPE JESUIT UNIVERSITY

CORONAVIRUS -STOP THE SPREAD - CLEAN,DISINFECT,COVER

God in the White House : (Record no. 118771)

MARC details
000 -LEADER
fixed length control field 01334cam a2200361 a 4500
001 - CONTROL NUMBER
control field 810602
003 - CONTROL NUMBER IDENTIFIER
control field ARRUPE
005 - DATE AND TIME OF LATEST TRANSACTION
control field 20131127125952.0
008 - FIXED-LENGTH DATA ELEMENTS--GENERAL INFORMATION
fixed length control field 900202s1989 nyu b 001 0 eng
010 ## - LIBRARY OF CONGRESS CONTROL NUMBER
LC control number 89009979
020 ## - INTERNATIONAL STANDARD BOOK NUMBER
International Standard Book Number 0020336616 :
Terms of availability $8.95 ($12.50 Can.)
035 ## - SYSTEM CONTROL NUMBER
System control number (OCoLC)19777462
035 ## - SYSTEM CONTROL NUMBER
System control number (OCoLC)ocm19777462
035 ## - SYSTEM CONTROL NUMBER
System control number (CStRLIN)NYCG90-B7733
035 ## - SYSTEM CONTROL NUMBER
System control number (NNC)810602
040 ## - CATALOGING SOURCE
Original cataloging agency DLC
Transcribing agency DLC
Modifying agency DLC
-- NNC
043 ## - GEOGRAPHIC AREA CODE
Geographic area code n-us---
050 10 - LIBRARY OF CONGRESS CALL NUMBER
Classification number BR516
Item number .H78 1989
090 ## - LOCALLY ASSIGNED LC-TYPE CALL NUMBER (OCLC); LOCAL CALL NUMBER (OCLC)
Classification number (OCLC) (R) ; Classification number, CALL (RLIN) (NR) BR516
Local cutter number (OCLC) ; Book number/undivided call number, CALL (RLIN) .H78 1989
300 ## - PHYSICAL DESCRIPTION
Dimensions 21 cm.
100 1# - MAIN ENTRY--PERSONAL NAME
Personal name Hutcheson, Richard G.,
Dates associated with a name 1921-2012.
9 (RLIN) 4176
245 10 - TITLE STATEMENT
Title God in the White House :
Remainder of title how religion has changed the modern presidency /
Statement of responsibility, etc Richard G. Hutcheson, Jr.
250 ## - EDITION STATEMENT
Edition statement 1st Collier Books ed.
260 ## - PUBLICATION, DISTRIBUTION, ETC. (IMPRINT)
Place of publication, distribution, etc New York :
Name of publisher, distributor, etc Collier Books ;
Place of publication, distribution, etc London :
Name of publisher, distributor, etc Collier Macmillan,
Date of publication, distribution, etc 1989.
300 ## - PHYSICAL DESCRIPTION
Extent xiii, 273 p. ;
504 ## - BIBLIOGRAPHY, ETC. NOTE
Bibliography, etc Includes bibliographical references (p. 249-262) and index.
650 #0 - SUBJECT ADDED ENTRY--TOPICAL TERM
Topical term or geographic name as entry element Freedom of religion
Geographic subdivision United States
General subdivision History
Chronological subdivision 20th century.
9 (RLIN) 4177
650 #0 - SUBJECT ADDED ENTRY--TOPICAL TERM
Topical term or geographic name as entry element Presidents
Geographic subdivision United States
General subdivision Religion.
9 (RLIN) 4178
650 #0 - SUBJECT ADDED ENTRY--TOPICAL TERM
Topical term or geographic name as entry element Church and state
Geographic subdivision United States
General subdivision History
Chronological subdivision 20th century.
9 (RLIN) 4179
650 #0 - SUBJECT ADDED ENTRY--TOPICAL TERM
Topical term or geographic name as entry element Conservatism
Geographic subdivision United States
General subdivision History
Chronological subdivision 20th century.
9 (RLIN) 4180
651 #0 - SUBJECT ADDED ENTRY--GEOGRAPHIC NAME
Geographic name United States
General subdivision Church history
Chronological subdivision 20th century.
9 (RLIN) 4181
942 ## - ADDED ENTRY ELEMENTS (KOHA)
Source of classification or shelving scheme Library of Congress Classification
Koha item type Monograph ( Printed materials)
Holdings
Withdrawn status Lost status Source of classification or shelving scheme Damaged status Not for loan Collection code Home library Current library Shelving location Date acquired Total Checkouts Full call number Barcode Date last seen Price effective from Koha item type
    Library of Congress Classification     Main Collection ARRUPE LIBRARY ARRUPE LIBRARY Main Collection 27/11/2013   BR516 .H78 1989 46410398 15/11/2016 27/11/2013 Monograph ( Printed materials)

 

Arrupe Library. PO Box MP320 Mt Pleasant, Harare, Zimbabwe
263 242 745411|librarian@aju.ac.zw